Sports Quiz

Random Sports or NFL Quiz

100 yards rushing and receiving (NFL) Quiz Stats

Quiz not verified by Sporcle

Challenge
Share
Tweet
Embed
Score 0/22 Timer 05:00
0 Plays Today
Team Player % Correct
Titans*Chris Johnson
92.2%
BengalsEssex Johnson
91.5%
Eagles* (2)Brian Westbrook
90.7%
Rams*Steven Jackson
86.4%
Chiefs (2)Priest Holmes
82.6%
Bears (2)Walter Payton
78.3%
Colts*Joseph Addai
78.3%
Saints*Pierre Thomas
75.2%
BillsThurman Thomas
74.8%
RedskinsLarry Brown
61.2%
RaidiersMarcus Allen
55%
Team Player % Correct
ChargersLionel James
54.7%
CowboysTony Dorsett
44.2%
CardinalsOttis Anderson
32.6%
CowboysHerschel Walker
26%
LionsBilly Sims
19%
BengalsJames Brooks
17.1%
BrownsGreg Pruitt
5.8%
ChiefsJoe Delaney
2.7%
VikingsDarrin Nelson
2.3%
JetsJohnny Hector
1.9%
ChiefsTony Reed
1.2%

You're not logged in!

Compare scores with friends on all Sporcle quizzes.
Sign Up with Email
OR
Log In

You Might Also Like...

Show Comments

Extras

Top Quizzes Today


Score Distribution

Your Account Isn't Verified!

In order to create a playlist on Sporcle, you need to verify the email address you used during registration. Go to your Sporcle Settings to finish the process.